[Event "Budapest FS10 GM"]
[Site "Budapest"]
[Date "2000.10.15"]
[Round "9"]
[White "Soos, Bela"]
[Black "Vajda, Levente"]
[Result "0-1"]
[WhiteElo "2364"]
[BlackElo "2447"]
[PlyCount "104"]
[EventDate "2000.10.07"]
[EventType "tourn"]
[EventRounds "11"]
[EventCountry "HUN"]
[EventCategory "7"]
[SourceTitle "CBM 078 Extra"]
[Source "ChessBase"]
[SourceDate "2000.11.10"]
[SourceVersion "1"]
[SourceVersionDate "2000.11.10"]
[SourceQuality "1"]

1. d4 Nf6 2. Nf3 g6 3. g3 Bg7 4. Bg2 0-0 5. 0-0 d6 6. c4 Nbd7 7. Nc3 e5 8. e3 c6 9. a4 a5 10. b3 exd4 11. exd4 Re8 12. Ba3 Nf8 13. Qd2 d5 14. cxd5 Nxd5 15. Nxd5 Qxd5 16. Qc3 Be6 17. Rab1 Bf5 18. Ne5 Be4 19. Bxe4 Qxe4 20. Rfe1 Qd5 21. Bb2 Ne6 22. Qf3 Qxf3 23. Nxf3 Red8 24. Re4 Rd5 25. Rc1 Rad8 26. Bc3 Bxd4 27. Rxe6 fxe6 28. Bxd4 Rxd4 29. Nxd4 Rxd4 30. Rc3 Kf7 31. Kg2 e5 32. Kf3 Ke6 33. h4 h5 34. Ke3 Kd5 35. Ke2 Re4+ 36. Kd2 Rd4+ 37. Kc2 c5 38. Rf3 Ke6 39. Rf8 c4 40. Kc3 cxb3 41. Kxb3 Rb4+ 42. Ka3 Rb1 43. Ka2 Rf1 44. Kb3 Ke7 45. Rf3 Rb1+ 46. Ka2 Rb4 47. Ka3 e4 48. Rf4 b6 49. g4 hxg4 50. Rxg4 e3 51. Rxg6 exf2 52. Rg7+ Kf8 0-1

[Event "Budapest FS10 GM"]
[Site "Budapest"]
[Date "2000.10.14"]
[Round "8"]
[White "Szeberenyi, Adam"]
[Black "Soos, Bela"]
[Result "1-0"]
[WhiteElo "2357"]
[BlackElo "2364"]
[PlyCount "77"]
[EventDate "2000.10.07"]
[EventType "tourn"]
[EventRounds "11"]
[EventCountry "HUN"]
[EventCategory "7"]
[SourceTitle "CBM 078 Extra"]
[Source "ChessBase"]
[SourceDate "2000.11.10"]
[SourceVersion "1"]
[SourceVersionDate "2000.11.10"]
[SourceQuality "1"]

1. d4 Nf6 2. Nf3 c5 3. d5 g6 4. Nc3 Bg7 5. e4 d6 6. Be2 0-0 7. 0-0 Na6 8. Bf4 Nc7 9. a4 a6 10. Qd2 Rb8 11. Rad1 b5 12. axb5 axb5 13. e5 Nfe8 14. Rfe1 b4 15. Ne4 Bg4 16. Bh6 Bxf3 17. Bxf3 Nb5 18. Bxg7 Kxg7 19. Bg4 h6 20. h4 f5 21. exf6+ Nxf6 22. Nxf6 Rxf6 23. c3 bxc3 24. bxc3 h5 25. Bh3 Nc7 26. Re4 Rb7 27. Rde1 Rf7 28. Qg5 Ne8 29. Re6 Rf6 30. Bf5 Kg8 31. Bxg6 Ng7 32. Qh6 Rxg6 33. Rxg6 Qf8 34. Re3 e5 35. dxe6 Qf5 36. Reg3 Qe5 37. Rxg7+ Rxg7 38. Qxg7+ Qxg7 39. e7 1-0

[Event "Budapest FS10 GM"]
[Site "Budapest"]
[Date "2000.10.13"]
[Round "7"]
[White "Soos, Bela"]
[Black "Vajda, Szidonia"]
[Result "1/2-1/2"]
[WhiteElo "2364"]
[BlackElo "2282"]
[PlyCount "21"]
[EventDate "2000.10.07"]
[EventType "tourn"]
[EventRounds "11"]
[EventCountry "HUN"]
[EventCategory "7"]
[SourceTitle "CBM 078 Extra"]
[Source "ChessBase"]
[SourceDate "2000.11.10"]
[SourceVersion "1"]
[SourceVersionDate "2000.11.10"]
[SourceQuality "1"]

1. d4 Nf6 2. c4 c5 3. d5 b5 4. Nf3 g6 5. a4 b4 6. Nbd2 d6 7. e4 e5 8. Bd3 Bg7 9. h3 Nh5 10. g3 0-0 11. h4 1/2-1/2

[Event "Budapest FS10 GM"]
[Site "Budapest"]
[Date "2000.10.07"]
[Round "1"]
[White "Soos, Bela"]
[Black "Postny, Evgeny"]
[Result "0-1"]
[WhiteElo "2364"]
[BlackElo "2434"]
[PlyCount "108"]
[EventDate "2000.10.07"]
[EventType "tourn"]
[EventRounds "11"]
[EventCountry "HUN"]
[EventCategory "7"]
[SourceTitle "CBM 078 Extra"]
[Source "ChessBase"]
[SourceDate "2000.11.10"]
[SourceVersion "1"]
[SourceVersionDate "2000.11.10"]
[SourceQuality "1"]

1. d4 g6 2. e4 Bg7 3. c3 d6 4. Bg5 Nf6 5. Nd2 0-0 6. Ngf3 c5 7. dxc5 dxc5 8. Bc4 Nc6 9. 0-0 Qc7 10. Re1 Ng4 11. Bh4 Nge5 12. Be2 Rd8 13. Qc2 Be6 14. Bg3 h6 15. Nxe5 Bxe5 16. Nc4 Bxg3 17. hxg3 Bxc4 18. Bxc4 Ne5 19. Be2 Kg7 20. Rad1 h5 21. Rxd8 Rxd8 22. Rd1 Rd6 23. f4 Ng4 24. Bxg4 hxg4 25. e5 Rxd1+ 26. Qxd1 Qb6 27. Qe2 Qe6 28. b3 Qf5 29. Kh2 g5 30. Qe3 b6 31. c4 Qh7+ 32. Kg1 Qb1+ 33. Kh2 e6 34. Qe2 Qf5 35. Qd2 Qh7+ 36. Kg1 gxf4 37. Qxf4 Qb1+ 38. Kh2 Qf5 39. Qe3 Qh7+ 40. Kg1 Qb1+ 41. Kh2 Qf5 42. Kg1 Kg6 43. Kh2 f6 44. exf6 Kxf6 45. Qh6+ Kf7 46. Qd2 e5 47. Qd5+ Qe6 48. Qe4 Kf6 49. a3 Qf5 50. Qe3 e4 51. b4 Kg6 52. bxc5 Qh5+ 53. Kg1 Qxc5 54. Kf2 Kf5 0-1

[Event "Budapest WFG IM-A"]
[Site "Budapest"]
[Date "2000.07.27"]
[Round "9"]
[White "Soos, Bela"]
[Black "Michalek, Jan"]
[Result "1/2-1/2"]
[WhiteElo "2364"]
[BlackElo "2323"]
[PlyCount "93"]
[EventDate "2000.07.??"]
[EventType "tourn"]
[EventRounds "11"]
[EventCountry "HUN"]
[EventCategory "5"]
[SourceTitle "EXT 2002"]
[Source "ChessBase"]
[SourceDate "2001.11.25"]
[SourceVersion "1"]
[SourceVersionDate "2001.11.25"]
[SourceQuality "1"]

1. Nf3 c5 2. b3 Nc6 3. Bb2 Nf6 4. c4 d6 5. g3 e5 6. Bg2 g6 7. 0-0 Bg7 8. Nc3 0-0 9. d3 Ng4 10. e3 f5 11. Qd2 g5 12. Nd5 Be6 13. h3 Nh6 14. h4 gxh4 15. Nxh4 Qd7 16. Rae1 Bf7 17. Bh3 Bh5 18. a3 Qf7 19. b4 Kh8 20. bxc5 dxc5 21. Bc3 Rad8 22. Qb2 b6 23. f4 Ne7 24. e4 Nxd5 25. cxd5 exf4 26. Rxf4 Rg8 27. Nxf5 Nxf5 28. Rxf5 Qg6 29. Kh2 Bg4 30. Bxg4 Qxg4 31. Ref1 Qxg3+ 32. Kxg3 Bxc3+ 33. Kf4 Bxb2 34. a4 Rgf8 35. Rh1 Rxf5+ 36. Kxf5 Kg7 37. Ke6 Bd4 38. d6 Re8+ 39. Kd5 Bf6 40. d7 Rh8 41. e5 Bd8 42. Rg1+ Kf8 43. Kd6 h5 44. Rf1+ Kg8 45. Rg1+ Kf8 46. Rf1+ Kg8 47. Rg1+ 1/2-1/2

[Event "Budapest WFG IM-A"]
[Site "Budapest"]
[Date "2000.07.20"]
[Round "2"]
[White "Soos, Bela"]
[Black "Lindberg, Bengt"]
[Result "1/2-1/2"]
[WhiteElo "2364"]
[BlackElo "2298"]
[PlyCount "30"]
[EventDate "2000.07.??"]
[EventType "tourn"]
[EventRounds "11"]
[EventCountry "HUN"]
[EventCategory "5"]
[SourceTitle "EXT 2002"]
[Source "ChessBase"]
[SourceDate "2001.11.25"]
[SourceVersion "1"]
[SourceVersionDate "2001.11.25"]
[SourceQuality "1"]

1. Nf3 Nf6 2. g3 b6 3. Bg2 Bb7 4. 0-0 c5 5. d3 d6 6. e4 Nbd7 7. c4 g6 8. Nc3 Bg7 9. Nh4 Qc7 10. f4 0-0 11. Be3 e6 12. Rc1 a6 13. a4 Bc6 14. g4 Qb7 15. Bf2 h6 1/2-1/2